000 00806nam a2200217 a 4500
001 71107
003 BD-RjUL
005 20211209082058.0
008 170426s1953 ii a|||| |||| 00| 0 ben d
035 _a(BD-RjUL)71322
040 _aBD-RjUL
_beng
_cBD-RjUL
041 _aeng
082 _223
_a616.9362
_bCHQ 1953
100 _aচট্টোপাধ্যায়, রাম গোপাল
_9210381
245 _aকুইনিন /
_cরাম গোপাল চট্টোপাধ্যায়
260 _aকলিকাতা :
_bবিশ্বভারতী গ্রন্থালয়,
_c১৯৫৩.
300 _a৩৬ পৃ. :
_bচিত্র ;
_c১৬ সেমি.
650 _aম্যালেরিয়া
_9210942
650 _aMalaria.
_9210944
942 _2ddc
_cBK
999 _c71107
_d71107